Lectura de Marcuse

Guardado en:
Bibliografiske detaljer
Hovedforfatter: Castellet, José María
Format: Bog
Sprog:Undetermined
Udgivet: Madrid, España Seix Barral 1969
Fag:
Tags: Tilføj Tag
Ingen Tags, Vær først til at tagge denne postø!

MARC

LEADER 00000nam a2200000Ia 4500
008 170316s9999 xx 000 0 und d
040 |a cru BVZT 
090 |a 100 C-21L 
100 |a Castellet, José María 
245 |a Lectura de Marcuse 
260 |a Madrid, España 
260 |b Seix Barral 
260 |c 1969 
300 |a 144 páginas 
520 |b Obra imprescindible para introducirse al pensamiento de Marcuse, donde José María Castellet sistematiza sus ideas y pensamiento en una estructura ordenada y precisa, clarificando así su obra. Parte de un recorrido histórico del contexto en el que se gesta la producción del autor, presentando algunas citas de diferentes textos, esenciales entre la exposición que se va hilando. De igual manera, algunos autores como Perlini, Rusconi o Proto acompañan las reflexiones, de quienes Castellet se considera deudor. La idea central que desarrolla es la liberación de la vida privada a partir del principio individual de placer, como punto de partida de la liberación política. De esta manera, tal principio estaría dotado de una gran fuerza revolucionaria con consecuencias sociales. 
650 |a FILOSOFÍA  |9 5 
999 |c 15876  |d 15876 
942 |c 15 D  |h 100 C-21L  |2 z